[Event "Lesnica Pieniny op"]
[Site "Lesnica"]
[Date "2022.04.10"]
[Round "5"]
[White "Krejca, Jakub"]
[Black "Pecho, Juraj"]
[Result "1-0"]
[WhiteElo "2146"]
[BlackElo "1853"]
[PlyCount "107"]
[EventDate "2022.04.08"]
[EventType "swiss"]
[EventRounds "7"]
[EventCountry "SVK"]
[SourceTitle "CBM 207 Extra"]
[Source "ChessBase"]
[SourceDate "2022.05.31"]
[SourceVersion "1"]
[SourceVersionDate "2022.05.31"]
[SourceQuality "1"]

1. e4 d6 2. d4 e5 3. Ne2 exd4 4. Nxd4 Nf6 5. Nc3 Nc6 6. f3 Nxd4 7. Qxd4 c6 8. Bg5 Be7 9. 0-0-0 Qa5 10. Bd2 b5 11. e5 dxe5 12. Qxe5 Be6 13. a3 Qb6 14. Be3 Qb8 15. Qxb8+ Rxb8 16. Bxa7 Ra8 17. Bd4 0-0 18. Bd3 Rfb8 19. Ne4 Nd5 20. Kd2 b4 21. axb4 Rxb4 22. Bc3 Nxc3 23. bxc3 Rb2 24. Rb1 Raa2 25. Rxb2 Rxb2 26. Ra1 f5 27. Ng3 g6 28. Ra6 Bg5+ 29. Ke2 Bd7 30. Nf1 Kf7 31. Nd2 Bf6 32. Bc4+ Ke7 33. Kd3 Rb7 34. Nb3 Kd6 35. f4 Bc8 36. Nd4 Bd7 37. Bb3 Bd8 38. Nf3 Bb6 39. Ne5 Be8 40. Nc4+ Kc7 41. Nxb6 Rxb6 42. Rxb6 Kxb6 43. Kd4 Kb5 44. Bc4+ Kb6 45. Bg8 h6 46. h4 Kc7 47. Ke5 Kd7 48. Kf6 Kd6 49. g3 Kd7 50. Bf7 Bxf7 51. Kxf7 Kd6 52. Kxg6 Kc5 53. Kxf5 Kc4 54. Ke5 1-0

[Event "SVK-chT2C 1920"]
[Site "Slovakia"]
[Date "2019.12.14"]
[Round "5.5"]
[White "Horsak, Jan"]
[Black "Pecho, Juraj"]
[Result "1-0"]
[WhiteElo "2050"]
[BlackElo "1899"]
[PlyCount "77"]
[EventDate "2019.10.26"]
[EventType "team-tourn"]
[EventRounds "11"]
[EventCountry "SVK"]
[SourceTitle "CBM 194 Extra"]
[Source "ChessBase"]
[SourceDate "2020.03.31"]
[SourceVersion "1"]
[SourceVersionDate "2020.03.31"]
[SourceQuality "1"]
[WhiteTeam "Rajecke Teplice"]
[BlackTeam "Bziny"]
[WhiteTeamCountry "SVK"]
[BlackTeamCountry "SVK"]

1. c4 b6 2. Nc3 Bb7 3. d4 Nf6 4. Nf3 e6 5. Bg5 Be7 6. e3 0-0 7. Bd3 d6 8. 0-0 Nbd7 9. Rc1 c5 10. Bb1 Qc7 11. Nb5 Qb8 12. Re1 a6 13. Nc3 Qc7 14. e4 Rad8 15. b3 Rfe8 16. Qc2 Nf8 17. Rcd1 Ng6 18. d5 e5 19. Ne2 Nh5 20. Bc1 Bc8 21. Nd2 Bg5 22. Nf1 Qe7 23. Nfg3 Nhf4 24. Nf5 Qf6 25. Bb2 Nxe2+ 26. Qxe2 Nf4 27. Qf1 g6 28. Ne3 h5 29. f3 h4 30. Bc1 Qg7 31. Ng4 f5 32. Nf2 Qh6 33. Bxf4 Bxf4 34. Qe2 Re7 35. Nh3 Rde8 36. Nxf4 Qxf4 37. exf5 gxf5 38. Qd2 Qd4+ 39. Qf2 1-0

[Event "SVK-chT2C 1920"]
[Site "Slovakia"]
[Date "2019.11.17"]
[Round "4.8"]
[White "Gal, Tichomir"]
[Black "Pecho, Juraj"]
[Result "0-1"]
[WhiteElo "1000"]
[BlackElo "1899"]
[PlyCount "63"]
[EventDate "2019.10.26"]
[EventType "team-tourn"]
[EventRounds "11"]
[EventCountry "SVK"]
[SourceTitle "CBM 193 Extra"]
[Source "ChessBase"]
[SourceDate "2020.01.31"]
[SourceVersion "1"]
[SourceVersionDate "2020.01.31"]
[SourceQuality "1"]
[WhiteTeam "Vinica"]
[BlackTeam "Bziny"]
[WhiteTeamCountry "SVK"]
[BlackTeamCountry "SVK"]

1. e4 g6 2. Nf3 Bg7 3. Bc4 d6 4. d4 a6 5. Nc3 b5 6. Bd3 Bb7 7. 0-0 Nd7 8. Be3 e6 9. Re1 Ne7 10. Qd2 h6 11. Rad1 Nb6 12. d5 b4 13. Ne2 exd5 14. exd5 Nbxd5 15. Bd4 0-0 16. Bxg7 Kxg7 17. Bc4 Qd7 18. Qd4+ Kh7 19. Ng3 Rae8 20. Ne4 Nf5 21. Bxd5 Nxd4 22. Nf6+ Kh8 23. Nxd7 Nxf3+ 24. Bxf3 Bxf3 25. gxf3 Rxe1+ 26. Rxe1 Rd8 27. Re7 Kg7 28. Kf1 a5 29. Ke2 a4 30. Nc5 dxc5 31. Rxc7 Rd5 32. Rxc5 0-1

[Event "SVK-chT2C 1920"]
[Site "Slovakia"]
[Date "2019.10.27"]
[Round "2.8"]
[White "Mrva, Marek1111"]
[Black "Pecho, Juraj"]
[Result "0-1"]
[WhiteElo "1824"]
[BlackElo "1894"]
[PlyCount "72"]
[EventDate "2019.10.26"]
[EventType "team-tourn"]
[EventRounds "11"]
[EventCountry "SVK"]
[SourceTitle "CBM 193 Extra"]
[Source "ChessBase"]
[SourceDate "2020.01.31"]
[SourceVersion "1"]
[SourceVersionDate "2020.01.31"]
[SourceQuality "1"]
[WhiteTeam "Ruzomberok Montana"]
[BlackTeam "Bziny"]
[WhiteTeamCountry "SVK"]
[BlackTeamCountry "SVK"]

1. e4 d6 2. d4 Nf6 3. Nc3 e5 4. Nf3 Nbd7 5. Bc4 Be7 6. 0-0 h6 7. Re1 c6 8. a4 Qc7 9. a5 g5 10. g3 Nf8 11. d5 Bg4 12. dxc6 bxc6 13. Qd3 Ne6 14. Bxe6 Bxe6 15. b4 Ng4 16. Rb1 0-0 17. h3 Nf6 18. g4 Rfd8 19. Qe2 Rab8 20. Bd2 Nd7 21. b5 cxb5 22. Nxb5 Qxc2 23. Rec1 Qa4 24. Nxa7 Rxb1 25. Rxb1 Nc5 26. Rb4 Qxa5 27. Nc6 Qa1+ 28. Kg2 Re8 29. Nxe7+ Rxe7 30. Qb5 Qa8 31. Qe2 Rb7 32. Rxb7 Qxb7 33. Be3 Qxe4 34. Qb2 Bd5 35. Qe2 Ne6 36. Kg3 Nd4 0-1

[Event "SVK-ch op"]
[Site "Ruzomberok"]
[Date "2019.06.30"]
[Round "2"]
[White "Pniaczek, Marek"]
[Black "Pecho, Juraj"]
[Result "1-0"]
[WhiteElo "2276"]
[BlackElo "1900"]
[PlyCount "57"]
[EventDate "2019.06.29"]
[EventType "swiss"]
[EventRounds "9"]
[EventCountry "SVK"]
[SourceTitle "CBM 191 Extra"]
[Source "ChessBase"]
[SourceDate "2019.09.30"]
[SourceVersion "1"]
[SourceVersionDate "2019.09.30"]
[SourceQuality "1"]

1. e4 c5 2. Nf3 Nc6 3. Bb5 g6 4. 0-0 Bg7 5. Re1 e5 6. Bxc6 dxc6 7. d3 Ne7 8. Nbd2 0-0 9. Nc4 f6 10. Be3 b6 11. a3 a5 12. b4 axb4 13. axb4 Rxa1 14. Qxa1 b5 15. Ncd2 cxb4 16. Qa2+ Kh8 17. Ra1 Qc7 18. Bc5 Re8 19. Qf7 Qd8 20. Ra8 Bf8 21. Qxf6+ Kg8 22. Ng5 Bg7 23. Qf7+ Kh8 24. Bxe7 Rxe7 25. Rxc8 Qxc8 26. Qxe7 c5 27. Ne6 Bh6 28. Nf3 Qg8 29. Nxe5 1-0

[Event "SVK-ch op"]
[Site "Ruzomberok"]
[Date "2019.06.29"]
[Round "1"]
[White "Pecho, Juraj"]
[Black "Majerova, Veronika"]
[Result "1-0"]
[WhiteElo "1900"]
[BlackElo "1531"]
[PlyCount "79"]
[EventDate "2019.06.29"]
[EventType "swiss"]
[EventRounds "9"]
[EventCountry "SVK"]
[SourceTitle "CBM 191 Extra"]
[Source "ChessBase"]
[SourceDate "2019.09.30"]
[SourceVersion "1"]
[SourceVersionDate "2019.09.30"]
[SourceQuality "1"]

1. d4 Nf6 2. Bf4 g6 3. e3 Bg7 4. Nf3 d6 5. Be2 0-0 6. 0-0 Nbd7 7. h3 Re8 8. c3 b6 9. a4 a5 10. Bh2 Bb7 11. Qb3 e6 12. Nbd2 Ne4 13. Nxe4 Bxe4 14. Nd2 Bb7 15. e4 e5 16. dxe5 Bxe5 17. Bxe5 Rxe5 18. f4 Re7 19. Bf3 Nc5 20. Qc2 Ba6 21. c4 Ne6 22. Bg4 Nd4 23. Qd3 c5 24. Rae1 Qe8 25. Nf3 Nxf3+ 26. Bxf3 Rd8 27. Qb3 d5 28. Qxb6 Bxc4 29. Rf2 dxe4 30. Qxc5 e3 31. Rc2 Rc8 32. Qxa5 Bb3 33. Rxc8 Qxc8 34. Qb4 Qc2 35. Re2 Qc1+ 36. Kh2 Rd7 37. Qb8+ Kg7 38. Qxb3 Rd1 39. Qxe3 Rh1+ 40. Kg3 1-0

[Event "SVK-chT2C 1819"]
[Site "Slovakia"]
[Date "2018.12.16"]
[Round "6.6"]
[White "Sventek, Anton"]
[Black "Pecho, Juraj"]
[Result "1/2-1/2"]
[WhiteElo "2040"]
[BlackElo "1900"]
[PlyCount "131"]
[EventDate "2018.10.13"]
[EventType "team-tourn"]
[EventRounds "11"]
[EventCountry "SVK"]
[SourceTitle "CBM 189 Extra"]
[Source "ChessBase"]
[SourceDate "2019.06.03"]
[SourceVersion "1"]
[SourceVersionDate "2019.06.03"]
[SourceQuality "1"]
[WhiteTeam "Cadca Caissa"]
[BlackTeam "Bziny"]
[WhiteTeamCountry "SVK"]
[BlackTeamCountry "SVK"]

1. e4 d6 2. d4 Nf6 3. Nc3 Nbd7 4. Be3 e5 5. Nf3 Be7 6. Qd2 c6 7. a4 Qc7 8. Be2 h6 9. h3 Qa5 10. 0-0 g5 11. b4 Qxb4 12. a5 exd4 13. Bxd4 d5 14. Rfb1 Nxe4 15. Nxe4 Qxd2 16. Nexd2 Rg8 17. Ne5 Nxe5 18. Bxe5 Rg6 19. Bd3 Re6 20. Nf3 Bf6 21. Re1 Bxe5 22. Nxe5 Re7 23. Rab1 Kd8 24. a6 Kc7 25. axb7 Bxb7 26. Ng4 Rae8 27. Rxe7+ Rxe7 28. Nxh6 c5 29. Ng4 a5 30. Ne3 c4 31. Bf5 Re5 32. c3 Bc6 33. Kf1 Kd6 34. Bc2 Re8 35. Rb6 Kc5 36. Ra6 Ra8 37. Rxa8 Bxa8 38. Ba4 d4 39. cxd4+ Kxd4 40. Ke2 Kc3 41. g3 Be4 42. Kd1 Kb4 43. Bc2 Bf3+ 44. Kd2 a4 45. Bxa4 Kxa4 46. Nxc4 Kb4 47. Ne5 Bd5 48. Ke3 Kc5 49. h4 gxh4 50. gxh4 Kd6 51. Kf4 Ke6 52. Ng4 f6 53. Nh6 Bb3 54. Nf5 Bd1 55. f3 Kf7 56. h5 Bc2 57. Nd6+ Kg7 58. Ne4 Bd1 59. Ng3 Kh6 60. Kg4 Bc2 61. f4 Bd3 62. Nf5+ Kh7 63. Ne7 Kh6 64. f5 Be2+ 65. Kh4 Bc4 66. Kg4 1/2-1/2

[Event "SVK-chT2C 1819"]
[Site "Slovakia"]
[Date "2018.12.15"]
[Round "5.6"]
[White "Pecho, Juraj"]
[Black "Druska, Robert"]
[Result "0-1"]
[WhiteElo "1900"]
[BlackElo "1895"]
[PlyCount "60"]
[EventDate "2018.10.13"]
[EventType "team-tourn"]
[EventRounds "11"]
[EventCountry "SVK"]
[SourceTitle "CBM 189 Extra"]
[Source "ChessBase"]
[SourceDate "2019.06.03"]
[SourceVersion "1"]
[SourceVersionDate "2019.06.03"]
[SourceQuality "1"]
[WhiteTeam "Bziny"]
[BlackTeam "Ruzomberok Montana"]
[WhiteTeamCountry "SVK"]
[BlackTeamCountry "SVK"]

1. d4 d5 2. Bf4 Nf6 3. e3 h6 4. Nd2 g5 5. Bg3 Bg7 6. h3 c5 7. c3 Bf5 8. Ngf3 Nbd7 9. Be2 Qb6 10. b3 Rc8 11. c4 Ne4 12. Nxe4 dxe4 13. Ne5 Rd8 14. Bg4 Bxg4 15. Qxg4 Qa5+ 16. Kf1 cxd4 17. exd4 Qc3 18. Re1 Nf6 19. Qe2 Rxd4 20. Nf3 Rd3 21. Ne5 Rxg3 22. fxg3 Qxe5 23. Qe3 Nh5 24. Kf2 0-0 25. Rd1 f5 26. Rd5 Qb2+ 27. Rd2 Qa3 28. Qe2 Qc5+ 29. Qe3 Qxe3+ 30. Kxe3 Nxg3 0-1

[Event "SVK-chT2C 1819"]
[Site "Slovakia"]
[Date "2018.11.18"]
[Round "4.8"]
[White "Nahalka, Jan"]
[Black "Pecho, Juraj"]
[Result "0-1"]
[WhiteElo "1798"]
[BlackElo "1900"]
[PlyCount "138"]
[EventDate "2018.10.13"]
[EventType "team-tourn"]
[EventRounds "11"]
[EventCountry "SVK"]
[SourceTitle "CBM 187 Extra"]
[Source "ChessBase"]
[SourceDate "2018.11.04"]
[SourceVersion "1"]
[SourceVersionDate "2018.11.04"]
[SourceQuality "1"]
[WhiteTeam "Ondrasova Krivan"]
[BlackTeam "Bziny"]
[WhiteTeamCountry "SVK"]
[BlackTeamCountry "SVK"]

1. d4 d6 2. c4 e5 3. Nf3 e4 4. Ng5 f5 5. Nc3 h6 6. Nh3 g5 7. e3 Nf6 8. Be2 Be6 9. f3 exf3 10. Bxf3 c6 11. Be2 Qe7 12. Qc2 Bg7 13. Bd2 Na6 14. Nf2 d5 15. b3 0-0 16. 0-0 b6 17. Rad1 Nc7 18. Bc1 Rae8 19. Nd3 Ne4 20. Ne5 Bxe5 21. dxe5 Qb4 22. Nxe4 fxe4 23. Bb2 Qe7 24. Rxf8+ Rxf8 25. Rf1 Ne8 26. Qc1 Ng7 27. Rf6 Kh7 28. cxd5 Bxd5 29. Qf1 Rf7 30. Bc4 Kg8 31. Be2 Ne8 32. Rxf7 Qxf7 33. Qxf7+ Bxf7 34. Bg4 Ng7 35. Kf2 Be6 36. Bd1 Kf7 37. Ke1 Kg6 38. Bc3 h5 39. g3 Kf5 40. a3 Bd5 41. b4 g4 42. a4 Ne6 43. Kd2 Ng5 44. Bd4 Ne6 45. a5 c5 46. bxc5 bxc5 47. Bb2 Ng5 48. Ba3 c4 49. Bc5 a6 50. Bd6 Nf3+ 51. Bxf3 exf3 52. Bc5 Kxe5 53. Bd4+ Ke4 54. Bc3 Bc6 55. Bb4 Ba4 56. Bc3 Bc2 57. Bb4 Bd3 58. Ke1 Kxe3 59. Bc5+ Ke4 60. Kd2 Kd5 61. Bf2 Kc6 62. Kc3 Kb5 63. Bb6 Ka4 64. Kb2 Kb4 65. Kc1 c3 66. Kd1 Kb3 67. Kc1 Kc4 68. Bf2 Be4 69. Kd1 Kd3 0-1

[Event "SVK-chT2C 1819"]
[Site "Slovakia"]
[Date "2018.10.13"]
[Round "1.8"]
[White "Pecho, Juraj"]
[Black "Adam, Tomas"]
[Result "1/2-1/2"]
[WhiteElo "1900"]
[BlackElo "1944"]
[PlyCount "38"]
[EventDate "2018.10.13"]
[EventType "team-tourn"]
[EventRounds "11"]
[EventCountry "SVK"]
[SourceTitle "CBM 187 Extra"]
[Source "ChessBase"]
[SourceDate "2018.11.04"]
[SourceVersion "1"]
[SourceVersionDate "2018.11.04"]
[SourceQuality "1"]
[WhiteTeam "Bziny"]
[BlackTeam "Filakovo"]
[WhiteTeamCountry "SVK"]
[BlackTeamCountry "SVK"]

1. d4 Nf6 2. Nf3 g6 3. g3 Bg7 4. Bg2 0-0 5. 0-0 d6 6. b3 Nbd7 7. Bb2 c5 8. c4 Rb8 9. Nc3 a6 10. a4 cxd4 11. Nxd4 Nc5 12. b4 Ne6 13. a5 Nxd4 14. Qxd4 Ng4 15. Qd1 Be6 16. h3 Ne5 17. Nd5 Rc8 18. Bxe5 Bxe5 19. Rc1 Bxd5 1/2-1/2

[Event "Oravska Priehrada op"]
[Site "Namestovo"]
[Date "2017.08.27"]
[Round "5"]
[White "Turcan, Martin"]
[Black "Pecho, Juraj"]
[Result "0-1"]
[WhiteElo "1953"]
[BlackElo "1880"]
[PlyCount "82"]
[EventDate "2017.08.25"]
[EventType "swiss"]
[EventRounds "7"]
[EventCountry "SVK"]
[SourceTitle "CBM 180 Extra"]
[Source "ChessBase"]
[SourceDate "2017.10.06"]
[SourceVersion "1"]
[SourceVersionDate "2017.10.06"]
[SourceQuality "1"]

1. d4 Nf6 2. c4 b6 3. Nc3 Bb7 4. f3 e6 5. Bg5 Be7 6. e4 Nxe4 7. Bxe7 Nxc3 8. Bxd8 Nxd1 9. Bxc7 Nxb2 10. Rb1 Na4 11. Kd2 Nc6 12. c5 Nxd4 13. Rb4 Nxf3+ 14. Nxf3 Nxc5 15. Be2 Rc8 16. Be5 f6 17. Bb2 Ne4+ 18. Ke3 Nc3 19. Rc4 Nxe2 20. Rxc8+ Bxc8 21. Kxe2 Ba6+ 22. Ke3 e5 23. Rc1 Kd8 24. Rd1 Re8 25. Ba3 Bb7 26. Bd6 Bc6 27. g3 Re6 28. Rd2 Kc8 29. Ne1 Ba4 30. Nc2 Rxd6 31. Rxd6 Bxc2 32. Rd2 Ba4 33. Rd3 Bc6 34. Rc3 Kc7 35. Rc1 d5 36. g4 Kd6 37. h4 d4+ 38. Kd3 Kd5 39. g5 f5 40. Kd2 e4 41. Rf1 e3+ 0-1

[Event "Oravska Priehrada op"]
[Site "Namestovo"]
[Date "2017.08.26"]
[Round "3"]
[White "Hrnciar, Roman"]
[Black "Pecho, Juraj"]
[Result "0-1"]
[WhiteElo "2095"]
[BlackElo "1880"]
[PlyCount "72"]
[EventDate "2017.08.25"]
[EventType "swiss"]
[EventRounds "7"]
[EventCountry "SVK"]
[SourceTitle "CBM 180 Extra"]
[Source "ChessBase"]
[SourceDate "2017.10.06"]
[SourceVersion "1"]
[SourceVersionDate "2017.10.06"]
[SourceQuality "1"]

1. f4 d5 2. e3 g6 3. Nf3 Bg7 4. d4 Bg4 5. Bd3 Nf6 6. Nbd2 0-0 7. 0-0 Nbd7 8. Qe1 Bxf3 9. Rxf3 e6 10. Rh3 Re8 11. c3 c5 12. Qh4 Nh5 13. Qf2 Nhf6 14. b3 Qa5 15. Bb2 b5 16. Qh4 c4 17. Bc2 b4 18. cxb4 Qxb4 19. Nf3 c3 20. Bc1 Rac8 21. a4 Qb6 22. Ne5 Nf8 23. Ba3 Qd8 24. Bc5 a5 25. g4 N6d7 26. Nxd7 Qxh4 27. Rxh4 Nxd7 28. b4 axb4 29. Bxb4 Bf8 30. Bxf8 Rxf8 31. Rh3 Rc7 32. Ra3 Rfc8 33. Rg3 f5 34. h3 Nf6 35. Kf1 Ne4 36. Rg2 Kf7 0-1

[Event "Oravska Priehrada op"]
[Site "Namestovo"]
[Date "2017.08.26"]
[Round "2"]
[White "Matejov, Anton"]
[Black "Pecho, Juraj"]
[Result "1/2-1/2"]
[WhiteElo "2061"]
[BlackElo "1880"]
[PlyCount "45"]
[EventDate "2017.08.25"]
[EventType "swiss"]
[EventRounds "7"]
[EventCountry "SVK"]
[SourceTitle "CBM 180 Extra"]
[Source "ChessBase"]
[SourceDate "2017.10.06"]
[SourceVersion "1"]
[SourceVersionDate "2017.10.06"]
[SourceQuality "1"]

1. d4 Nf6 2. c4 c5 3. e3 e6 4. Nc3 Be7 5. Nf3 0-0 6. Be2 cxd4 7. exd4 d5 8. 0-0 dxc4 9. Bxc4 Qc7 10. Qe2 Nc6 11. Bg5 Re8 12. Rac1 a6 13. d5 exd5 14. Bxf6 dxc4 15. Nd5 Qd6 16. Rfd1 gxf6 17. Nb6 Qb8 18. Nxa8 Qxa8 19. Rxc4 Bf5 20. Nh4 Bf8 21. Qf3 Be6 22. Rf4 Ne5 23. Qg3+ 1/2-1/2

[Event "Ruzomberok Montana op"]
[Site "Ruzomberok"]
[Date "2017.06.01"]
[Round "5"]
[White "Gzib, David"]
[Black "Pecho, Juraj"]
[Result "1/2-1/2"]
[WhiteElo "1791"]
[BlackElo "1922"]
[PlyCount "63"]
[EventDate "2017.05.28"]
[EventType "swiss"]
[EventRounds "9"]
[EventCountry "SVK"]
[SourceTitle "EXT 2018"]
[Source "ChessBase"]
[SourceDate "2017.10.13"]
[SourceVersion "1"]
[SourceVersionDate "2017.10.13"]
[SourceQuality "1"]

1. e4 b6 2. d4 Bb7 3. Bd3 e6 4. Nf3 c5 5. c3 Nf6 6. Nbd2 Nc6 7. 0-0 Be7 8. Re1 Qc8 9. Qe2 d5 10. e5 Nd7 11. Nf1 Ndb8 12. Bg5 Bxg5 13. Nxg5 cxd4 14. Qh5 g6 15. Qf3 Qd7 16. Qf6 0-0 17. cxd4 Nxd4 18. Re3 Qd8 19. Nxh7 Qxf6 20. Nxf6+ Kg7 21. Rc1 Nbc6 22. f4 Nb4 23. Rc7 Ba6 24. Rh3 Rh8 25. Rxh8 Rxh8 26. Bxa6 Nxa6 27. Rxa7 Nc5 28. Kf2 Nb5 29. Re7 Rb8 30. Re8 Rxe8 31. Nxe8+ Kf8 32. Nf6 1/2-1/2

[Event "EU Amateur-ch"]
[Site "Ruzomberok"]
[Date "2016.06.10"]
[Round "7"]
[White "Pecho, Juraj"]
[Black "Gonda, Jozef"]
[Result "1-0"]
[WhiteElo "1893"]
[BlackElo "1801"]
[PlyCount "99"]
[EventDate "2016.06.06"]
[EventType "swiss"]
[EventRounds "9"]
[EventCountry "SVK"]
[SourceTitle "CBM 172 Extra"]
[Source "ChessBase"]
[SourceDate "2016.06.21"]
[SourceVersion "1"]
[SourceVersionDate "2016.06.21"]
[SourceQuality "1"]

1. d4 d5 2. Nf3 e6 3. Bg5 Be7 4. Bxe7 Qxe7 5. c3 Nf6 6. Nbd2 0-0 7. e3 Nbd7 8. Bd3 c5 9. 0-0 c4 10. Bc2 b6 11. Ne5 Nxe5 12. dxe5 Nd7 13. f4 f5 14. Nf3 Nc5 15. Nd4 Bd7 16. g4 b5 17. gxf5 exf5 18. Rf2 Rad8 19. Rg2 Ne4 20. Qh5 Rde8 21. a3 Qf7 22. Qh3 a5 23. Kh1 Re7 24. Rag1 Be8 25. Qh4 Rb7 26. Bxe4 dxe4 27. Rxg7+ Qxg7 28. Rxg7+ Rxg7 29. Ne6 Rd7 30. Nxf8 Kxf8 31. Qf6+ Rf7 32. Qd6+ Re7 33. h4 Bd7 34. h5 a4 35. h6 Be6 36. Qd8+ Kf7 37. Kg2 Bd7 38. Kg3 Be8 39. Kh4 Re6 40. Kg5 Rg6+ 41. Kxf5 Rxh6 42. Qc7+ Kf8 43. Qd8 Kf7 44. Qc7+ Kf8 45. Kxe4 Rc6 46. Qd8 Rh6 47. f5 Kf7 48. e6+ Kf8 49. f6 Rg6 50. Qe7+ 1-0

[Event "EU Amateur-ch"]
[Site "Ruzomberok"]
[Date "2016.06.09"]
[Round "5"]
[White "Pecho, Juraj"]
[Black "Holubcik, Marian"]
[Result "0-1"]
[WhiteElo "1893"]
[BlackElo "1989"]
[PlyCount "122"]
[EventDate "2016.06.06"]
[EventType "swiss"]
[EventRounds "9"]
[EventCountry "SVK"]
[SourceTitle "CBM 172 Extra"]
[Source "ChessBase"]
[SourceDate "2016.06.21"]
[SourceVersion "1"]
[SourceVersionDate "2016.06.21"]
[SourceQuality "1"]

1. d4 d5 2. Nf3 Nf6 3. Bf4 e6 4. e3 c5 5. c3 Nc6 6. Nbd2 Be7 7. Bd3 Nh5 8. Bg3 h6 9. Ne5 Nxg3 10. Nxc6 bxc6 11. hxg3 Qb6 12. b3 cxd4 13. cxd4 Ba6 14. Qe2 Bxd3 15. Qxd3 c5 16. dxc5 Bxc5 17. 0-0 0-0 18. Rfc1 Ba3 19. Rc2 Rac8 20. Nb1 Be7 21. Nc3 Rc7 22. Rac1 Rfc8 23. Na4 Qa5 24. Rxc7 Rxc7 25. Rxc7 Qxc7 26. Nc3 Qa5 27. Qc2 Qc7 28. Qd3 Bf6 29. Ne2 Qa5 30. Qb1 Qd2 31. Kf1 e5 32. b4 d4 33. exd4 exd4 34. Nf4 Be5 35. Nd3 Bd6 36. b5 Bc7 37. Qb3 Ba5 38. Kg1 Qe2 39. a3 g6 40. Qb1 Kg7 41. Qb3 Be1 42. Qb1 Ba5 43. Nf4 Qc4 44. Qd3 Qc3 45. Qe4 Qc5 46. a4 Bb6 47. g4 Bc7 48. Ne2 Bb6 49. Qd3 Qb4 50. Qd1 d3 51. Qxd3 Qe1+ 52. Kh2 Qxf2 53. Qc3+ Kh7 54. Ng3 Bd4 55. Qf3 Qg1+ 56. Kh3 Kg7 57. Qf4 Qa1 58. a5 Be5 59. Qb4 Qg1 60. b6 Qe3 61. Kh2 Bxg3+ 0-1

[Event "EU Amateur-ch"]
[Site "Ruzomberok"]
[Date "2016.06.07"]
[Round "3"]
[White "Babirat, Michal"]
[Black "Pecho, Juraj"]
[Result "1/2-1/2"]
[WhiteElo "1817"]
[BlackElo "1893"]
[PlyCount "101"]
[EventDate "2016.06.06"]
[EventType "swiss"]
[EventRounds "9"]
[EventCountry "SVK"]
[SourceTitle "CBM 172 Extra"]
[Source "ChessBase"]
[SourceDate "2016.06.21"]
[SourceVersion "1"]
[SourceVersionDate "2016.06.21"]
[SourceQuality "1"]

1. c4 f5 2. Nc3 Nf6 3. g3 g6 4. Bg2 Bg7 5. e3 d6 6. Nge2 0-0 7. 0-0 e5 8. d4 Qe7 9. b3 Nc6 10. Bb2 Bd7 11. a3 a6 12. Qc2 Nd8 13. Rad1 Bc6 14. dxe5 dxe5 15. Nd5 Nxd5 16. Bxd5+ Bxd5 17. Rxd5 Nc6 18. Rfd1 Rad8 19. Nc3 Rxd5 20. Rxd5 e4 21. Ne2 Bxb2 22. Qxb2 Rd8 23. Qd2 Rxd5 24. Qxd5+ Kg7 25. b4 Qd6 26. Nc3 Qf6 27. Qd7+ Qe7 28. Qd5 Kf6 29. b5 Nd8 30. bxa6 bxa6 31. Qa5 c6 32. Qxa6 Qd6 33. Qa4 Qd2 34. Qd1 Qxd1+ 35. Nxd1 Ke6 36. Kf1 Kd6 37. Ke2 Kc5 38. Nb2 Nf7 39. Kd2 Ne5 40. h3 Nxc4+ 41. Nxc4 Kxc4 42. Kc2 c5 43. Kb2 h6 44. Kc2 g5 45. h4 gxh4 46. gxh4 h5 47. Kb2 Kd3 48. a4 Kc4 49. Ka3 Kd3 50. Kb2 Kd2 51. Kb3 1/2-1/2

[Event "SVK-chT2C 1516"]
[Site "Slovakia"]
[Date "2015.12.05"]
[Round "5.8"]
[White "Zalcik, Vaclav"]
[Black "Pecho, Juraj"]
[Result "0-1"]
[WhiteElo "1646"]
[BlackElo "1940"]
[PlyCount "58"]
[EventDate "2015.10.17"]
[EventType "team-tourn"]
[EventRounds "11"]
[EventCountry "SVK"]
[SourceTitle "CBM 169 Extra"]
[Source "ChessBase"]
[SourceDate "2015.12.18"]
[SourceVersion "1"]
[SourceVersionDate "2015.12.18"]
[SourceQuality "1"]
[WhiteTeam "Zilina"]
[BlackTeam "Dolny Kubin"]
[WhiteTeamCountry "SVK"]
[BlackTeamCountry "SVK"]

1. d4 Nf6 2. c4 d6 3. Nc3 g6 4. e4 Bg7 5. h3 0-0 6. Nf3 e5 7. d5 a5 8. Be2 Na6 9. Be3 Nd7 10. 0-0 f5 11. Bg5 Nf6 12. Nd2 h6 13. Bxf6 Qxf6 14. f4 exf4 15. Rxf4 Qg5 16. Rf3 Nc5 17. Qc2 Bd7 18. Raf1 Rae8 19. Rf4 Bd4+ 20. Kh1 Be3 21. h4 Qe7 22. R4f3 f4 23. Rxe3 fxe3 24. Nf3 Bg4 25. Qc1 Nxe4 26. Nxe4 Qxe4 27. Qe1 Rf4 28. g3 Bxf3+ 29. Kh2 Bh1 0-1

[Event "SVK-chT2C 1415"]
[Site "Slovakia"]
[Date "2015.02.14"]
[Round "8.5"]
[White "Ilkovic, Frantisek"]
[Black "Pecho, Juraj"]
[Result "1/2-1/2"]
[WhiteElo "1997"]
[BlackElo "1948"]
[PlyCount "183"]
[EventDate "2014.10.11"]
[EventType "team-tourn"]
[EventRounds "11"]
[EventCountry "SVK"]
[SourceTitle "EXT 2016"]
[Source "ChessBase"]
[SourceDate "2015.10.08"]
[SourceVersion "1"]
[SourceVersionDate "2015.10.08"]
[SourceQuality "1"]
[WhiteTeam "Filakovo"]
[BlackTeam "Dolny Kubin II"]
[WhiteTeamCountry "SVK"]
[BlackTeamCountry "SVK"]

1. e4 Nc6 2. Nf3 e5 3. Bb5 Nf6 4. d3 Bc5 5. 0-0 d6 6. h3 h6 7. Nc3 0-0 8. Na4 Bb6 9. Nxb6 axb6 10. Bd2 Ne7 11. c3 Ng6 12. Nh2 Be6 13. c4 c6 14. Ba4 Qd7 15. Bc2 Nh4 16. g3 Ng6 17. g4 Kh7 18. f4 exf4 19. Bxf4 Nxf4 20. Rxf4 Qe7 21. Qf1 c5 22. a3 Kg8 23. Qf2 Nd7 24. Qg3 Ne5 25. Rf2 g5 26. Raf1 Ng6 27. a4 Nf4 28. b3 Kg7 29. Qe3 Qf6 30. Qg3 Qe5 31. Kh1 Rad8 32. h4 f6 33. Rxf4 gxf4 34. Rxf4 Rg8 35. Bd1 Kh7 36. Qe3 Qa1 37. Rf1 Qe5 38. Nf3 Qb2 39. g5 Rdf8 40. Rg1 Rg6 41. h5 Rgg8 42. g6+ Kg7 43. Qf4 Rd8 44. d4 Rgf8 45. Qe3 Rfe8 46. Rf1 Bh3 47. Rf2 Qb1 48. e5 dxe5 49. Kh2 Qxd1 50. Kxh3 Qh1+ 51. Rh2 Qf1+ 52. Kg3 exd4 53. Qf4 Re7 54. Rf2 Qd3 55. Kg2 Qe4 56. Kg3 Qxf4+ 57. Kxf4 Re3 58. Nh4 Re5 59. Nf5+ Kf8 60. g7+ Kg8 61. Rg2 Rxf5+ 62. Kxf5 Kf7 63. Rg6 d3 64. g8Q+ Rxg8 65. Rxf6+ Ke7 66. Re6+ Kd7 67. Re3 Rg5+ 68. Kf4 Rxh5 69. Rxd3+ Kc6 70. Rg3 Rh1 71. Ke5 h5 72. Kf4 h4 73. Rd3 Rg1 74. Rh3 Rd1 75. Re3 Rd4+ 76. Kf3 Kc7 77. Kg2 Kb8 78. Kf2 Ka7 79. Ke2 Ka6 80. Re7 Rg4 81. Kd2 Rg3 82. Kc2 h3 83. Rh7 Rg2+ 84. Kc3 h2 85. Rh8 Ka7 86. Kd3 Ra2 87. Kc3 Rf2 88. Kd3 Rf8 89. Rxh2 Rf3+ 90. Kc2 Ka6 91. Kb2 Ka5 92. Ka3 1/2-1/2